Thể dục và phương pháp dạy học
Сохранить в:
| Главный автор: | |
|---|---|
| Формат: | |
| Опубликовано: |
Hà Nội
Vụ giáo viên
1994
|
| Предметы: | |
| Метки: |
Добавить метку
Нет меток, Требуется 1-ая метка записи!
|
| Thư viện lưu trữ: | Trung tâm Học liệu Lê Vũ Hùng, Trường Đại học Đồng Tháp |
|---|
| LEADER | 00676pam a22002538a 4500 | ||
|---|---|---|---|
| 001 | 00037314 | ||
| 005 | 20171026081023.0 | ||
| 008 | 170511s1994 ||||||Viesd | ||
| 041 | 0 | # | |a Vie |
| 082 | 1 | 4 | |a 796.44 |b TH250D |
| 100 | 1 | # | |a Vũ, Đào Hùng |
| 245 | 1 | 0 | |c Vũ Đào Hùng |a Thể dục và phương pháp dạy học |
| 260 | # | # | |a Hà Nội |c 1994 |b Vụ giáo viên |
| 300 | # | # | |a 154tr. |c 21cm. |
| 653 | # | # | |a thể dục |
| 852 | # | # | |j KD.1000201 |b Kho đọc |
| 910 | |d 11/05/2017 | ||
| 980 | # | # | |a Trung tâm Học liệu Lê Vũ Hùng, Trường Đại học Đồng Tháp |